00399nam a2200157Ia 4500008004100000020001800041100002600059245002400085245002900109260001500138260002000153260000900173300001600182650003500198700000800233160803s9999 xx 000 0 und d a9780590445528 aMcGraw, Eloise Jarvis 4aThe golden goblet / cby Eloise Jarvis McGraw. aNew York : bScholastic Inc. c1961 a248 pages : aDetective and mystery stories. a930